Tārīkh-i parcham-i Īrān az bāstān tā imrūz /

Saved in:
Bibliographic Details
Main Author: Bukhtūrtāsh, Nuṣrat Allāh.
Format: Book
Language:Persian
Published: Tihrān : Bihjat, 1383 [2004 or 2005]
Edition:Chāp-i 1.
Subjects:
Tags: Add Tag
No Tags, Be the first to tag this record!
LEADER 00758nam a22002295a 4500
001 009707132-3
005 20050706120207.0
008 050706s2004 ir a b |001|0|per|d
020 |a 9646671489 
035 0 |a ocn166147100 
050 0 0 |a CR115.I58  |b B85 2005 
100 1 |a Bukhtūrtāsh, Nuṣrat Allāh. 
245 1 0 |a Tārīkh-i parcham-i Īrān az bāstān tā imrūz /  |c pizhūhish va nivishtah-ʾi Nuṣrat Allāh Bukhtūrtāsh. 
246 1 5 |a Iranian banner from ancient time to today 
250 |a Chāp-i 1. 
260 |a Tihrān :  |b Bihjat,  |c 1383 [2004 or 2005] 
300 |a 568 p. :  |b ill. ;  |c 25 cm. 
504 |a Includes bibliographical references and index. 
650 0 |a Flags  |z Iran  |x History. 
752 |a Iran  |d Tehran. 
988 |a 20050706 
906 |0 MH